Pensamientos del padre Hurtado

Salvato in:
Dettagli Bibliografici
Autore principale: Arzobispado de Santiago (Autore)
Natura: Libro
Lingua:spagnolo
Pubblicazione: Santiago Arzobispado de Santiago 1964
Soggetti:
Tags: Aggiungi Tag
Nessun Tag, puoi essere il primo ad aggiungerne!!

MARC

LEADER 00000nam a2200000 a 4500
001 UCH4993
003 CL-VaPUC
008 090916e19640000CL |||||||||||||||||spa|d
082 0 4 |a 282  |b ARZ  |2 21 
100 0 |a Arzobispado de Santiago  |e author  |9 405155 
245 1 0 |a Pensamientos del padre Hurtado 
300 |a 121 p 
942 |c BK 
945 |d 20090916 00:00:00  |a rbrito 
260 |a Santiago  |b Arzobispado de Santiago  |c 1964 
600 0 |a Hurtado Cruchaga, Alberto   |d 1901-1952  |9 309962 
650 0 |a Catolicismo  |9 258690 
650 0 |a Cristianismo  |9 257361 
650 0 |a Teología cristiana  |9 308336 
650 7 |a REFLEXIONES  |2 CL-VaPUC  |9 399754 
650 0 |a Filosofía cristiana   |9 265980 
583 |a last modification  |c 20090916 00:00:00  |k Rodrigo Vera 
999 |c 336224  |d 336222 
952 |0 0  |1 0  |4 0  |6 282_000000000000000_ARZ_1964  |7 0  |8 X  |9 427214  |a FDOBUD  |b FDOBUD  |d 2019-11-22  |i 459598K  |o 282 ARZ 1964  |p 459598K  |r 2019-11-22  |w 2019-11-22  |y BK_X  |k BUD